Letters that Look the Same in English and Greek - Statistics

General Stats
  • This quiz has been taken 195 times
  • The average score is 8 of 14
Answer Stats
Letter % Correct
A
100%
B
99%
E
96%
Z
71%
H
50%
I
48%
K
47%
P
47%
N
46%
O
46%
M
45%
T
44%
Y
38%
X
27%
No matching quizzes found
Score Distribution
Percent of People with Each Score
Percentile by Number Answered
Your Score History
You have not taken this quiz